| 000 | 00736nam a2200241 a 4500 | ||
|---|---|---|---|
| 999 |
_c8045 _d8045 |
||
| 001 | 8045 | ||
| 003 | BD-JhCC | ||
| 005 | 20190311092505.0 | ||
| 008 | 020607s1957 enk | |||| ||eng|d | ||
| 035 | _a(UkLCURL)070502544033 | ||
| 035 | _a(BD-JhCC)8045 | ||
| 040 |
_aCLU _cCLU _dUKM _dEQO _dBD-JhCC |
||
| 041 | _aeng | ||
| 082 |
_bCLA 1957 _a372.86 |
||
| 100 | 1 | _aClarke, Edith R. | |
| 245 | 1 | 0 |
_aActivities and games for tropical schools / _cEdith R. Clarke ; in association with the East African Literature Bureau. |
| 260 |
_aLondon : _bMacmillan, _c1957. |
||
| 300 |
_a119p ; _c22cm. |
||
| 650 | 0 |
_aPhysical education for children _zAfrica, East. |
|
| 710 | 2 | _aEast African Literature Bureau. | |
| 942 |
_2ddc _cBK |
||